Theories of population from Raleigh to Arthur Young / (Record no. 34648)
[ view plain ]
| 000 -LEADER | |
|---|---|
| fixed length control field | 01084cam a22003251 4500 |
| 001 - CONTROL NUMBER | |
| control field | 34648 |
| 003 - CONTROL NUMBER IDENTIFIER | |
| rucl marc code | BD-RjUL |
| 005 - DATE AND TIME OF LATEST TRANSACTION | |
| control field | 20211209052206.0 |
| 008 - FIXED-LENGTH DATA ELEMENTS--GENERAL INFORMATION | |
| fixed length control field | 140518s19661931nyu b 001 0 eng d |
| 035 ## - SYSTEM CONTROL NUMBER | |
| System control number | (BD-RjUL) 34742 |
| System control number | (OCoLC)802150 |
| 040 ## - CATALOGING SOURCE | |
| Original cataloging agency | DLC |
| Transcribing agency | OYU |
| Modifying agency | OCoLC |
| -- | NcRS |
| -- | BD-RjUL |
| Language of cataloging | eng |
| 041 ## - LANGUAGE CODE | |
| Language code of text/sound track or separate title | eng |
| 082 ## - DEWEY DECIMAL CLASSIFICATION NUMBER | |
| Classification number | 304.6 |
| Author mark and year | BOT 1966 |
| 100 1# - MAIN ENTRY--PERSONAL NAME | |
| Personal name | Bonar, James |
| Dates associated with a name | 1852-1941. |
| 9 (RLIN) | 103079 |
| 245 10 - TITLE STATEMENT | |
| Title | Theories of population from Raleigh to Arthur Young / |
| Statement of responsibility, etc. | Bonar, James |
| 250 ## - EDITION STATEMENT | |
| Edition statement | 1st ed. |
| 260 ## - PUBLICATION, DISTRIBUTION, ETC. (IMPRINT) | |
| Place of publication, distribution, etc. | New York : |
| Name of publisher, distributor, etc. | Frank Cass& Co.,Ltd., |
| Date of publication, distribution, etc. | 1931 [Impression 1966]. |
| 300 ## - PHYSICAL DESCRIPTION | |
| Pagination | [10] 253 p. ; |
| Size | 23 cm. |
| 490 1# - SERIES STATEMENT | |
| Series statement | Reprints of economic classics |
| 500 ## - GENERAL NOTE | |
| General note | "Lectures delivered ... under the Newmarch Foundation, February 11 to March 18, 1929, with additional lectures." |
| 504 ## - BIBLIOGRAPHY, ETC. NOTE | |
| Bibliography, etc | Includes bibliographies and index. |
| 650 #0 - SUBJECT ADDED ENTRY--TOPICAL TERM | |
| Topical term or geographic name as entry element | Population. |
| 9 (RLIN) | 105401 |
| Topical term or geographic name as entry element | Demography. |
| 9 (RLIN) | 105402 |
| Topical term or geographic name as entry element | Economists |
| Geographic subdivision | Great Britain. |
| 9 (RLIN) | 6592 |
| 830 #0 - SERIES ADDED ENTRY--UNIFORM TITLE | |
| Uniform title | Newmarch lectures. |
| 942 ## - ADDED ENTRY ELEMENTS (KOHA) | |
| Source of classification or shelving scheme | Dewey Decimal Classification |
| Koha item type | Books |
| Lost status | Source of classification or shelving scheme | Damaged status | Not for loan | Collection code | Permanent Location | Current Location | Shelving location | Date acquired | Source of acquisition | Cost, normal purchase price | Total Checkouts | Full call number | Date last seen | Copy number | Koha item type |
|---|---|---|---|---|---|---|---|---|---|---|---|---|---|---|---|
| Dewey Decimal Classification | Non-fiction | Central Library, University of Rajshahi | Central Library, University of Rajshahi | 11/06/1968 | Zeitlinger | 42.00 | 304.6 BOT 1966 | 18/05/2014 | C-2 | Books | |||||
| Dewey Decimal Classification | Not For Loan | Non-fiction | Central Library, University of Rajshahi | Central Library, University of Rajshahi | Reading Room | 16/11/1967 | Zeitlinger | 42.00 | 304.6 BOT 1966 | 19/05/2014 | C-1 | Books |